|
|
|
|
| LEADER |
00000nam0a2200000 4500 |
| 001 |
340194 |
| 005 |
20240329150725.0 |
| 035 |
|
|
|a (RuTPU)RU\TPU\book\366791
|
| 090 |
|
|
|a 340194
|
| 100 |
|
|
|a 20180226d1919 m y0rusy50 ca
|
| 101 |
0 |
|
|a rus
|
| 102 |
|
|
|a RU
|
| 105 |
|
|
|a a z 000zy
|
| 181 |
|
0 |
|b e
|
| 182 |
|
0 |
|a n
|
| 183 |
|
0 |
|a nc
|2 RDAcarrier
|
| 200 |
1 |
|
|a Кооперативная чайная
|e в 2 ч.
|f Л. Арманд
|f И. Шалов
|
| 205 |
|
|
|a 2-е изд.
|
| 210 |
|
|
|a Омск
|c Всероссийский Центральный комитет Союза потребительских обществ
|d 1919
|
| 215 |
|
|
|a 88 с.
|c табл.
|
| 283 |
|
|
|a volume
|
| 300 |
|
|
|a Текст в русской дореформенной орфографии
|
| 606 |
|
|
|a Потребительская кооперация
|2 stltpush
|3 (RuTPU)RU\TPU\subj\36657
|9 57958
|
| 610 |
1 |
|
|a чайная
|
| 610 |
1 |
|
|a организация
|
| 610 |
1 |
|
|a благоустройство
|
| 610 |
1 |
|
|a инвентарь
|
| 610 |
1 |
|
|a оборудование
|
| 610 |
1 |
|
|a продукты питания
|
| 610 |
1 |
|
|a составление накладных
|
| 610 |
1 |
|
|a торговые расходы
|
| 610 |
1 |
|
|a прибыль
|
| 610 |
1 |
|
|a убытки
|
| 610 |
1 |
|
|a служащие
|
| 610 |
1 |
|
|a посетители
|
| 610 |
1 |
|
|a практические указания
|
| 686 |
|
|
|a У9(2)42
|2 rubbk
|
| 700 |
|
1 |
|a Арманд
|b Л.
|
| 701 |
|
1 |
|a Шалов
|b И.
|
| 801 |
|
1 |
|a RU
|b 63413507
|c 20180226
|
| 801 |
|
2 |
|a RU
|b 63413507
|c 20180226
|g RCR
|
| 942 |
|
|
|c BK
|